Managing organizations in developing countries: an operational and strategic approach (Record no. 476982)

000 -LEADER
fixed length control field 00458cam a22001337a 4500
008 - FIXED-LENGTH DATA ELEMENTS--GENERAL INFORMATION
fixed length control field 180718b1989 xxu||||| |||| 00| 0 eng d
082 ## - DEWEY DECIMAL CLASSIFICATION NUMBER
Classification number I5 K55
100 ## - MAIN ENTRY--PERSONAL NAME
Personal name Kiggundu, Moses N.
245 ## - TITLE STATEMENT
Title Managing organizations in developing countries: an operational and strategic approach
Statement of responsibility, etc. by M.N. Kiggundu
260 ## - PUBLICATION, DISTRIBUTION, ETC.
Place of publication, distribution, etc. Connceticut
Name of publisher, distributor, etc. Kumarian
Date of publication, distribution, etc. 1989
300 ## - PHYSICAL DESCRIPTION
Extent 328p.
650 ## - SUBJECT ADDED ENTRY--TOPICAL TERM
Topical term or geographic name entry element Developing countries --Economic policy
650 ## - SUBJECT ADDED ENTRY--TOPICAL TERM
Topical term or geographic name entry element Management --Developing countries
Holdings
Withdrawn status Lost status Damaged status Not for loan Permanent Location Current Location Date acquired Full call number Barcode Date last seen Price effective from Koha item type
        Indian Institute of Public Administration Indian Institute of Public Administration 2018-08-04 I5 K55 GR12344 2018-08-04 2018-08-04 GR

Powered by Koha